Statistics for All Geysers In Yellowstone

Click here to take the quiz!

General Stats

  • This quiz has been taken 24 times
  • The average score is 4 of 8

Answer Stats

Answer% Correct
Lower Geyser Basin
60%
Norris
60%
Old Faithful
60%
Upper Geyser Basin
60%
Midway
47%
West Thumb
40%
Heart Lake
13%
Shoshone
13%

Score Distribution

Percentile by Number Answered

Percent of People with Each Score

Your Score History

You have not taken this quiz